| 000 | 01992nam a22002417a 4500 | ||
|---|---|---|---|
| 001 | 6457 | ||
| 003 | FISKH | ||
| 005 | 20250512144418.0 | ||
| 008 | 250506b cb ||||| |||| 00| 0 eng d | ||
| 040 |
_aFISKH _bkhr _cFISKH _dFISKH |
||
| 082 | _a 895.1 | ||
| 100 | _aSarak, Chan | ||
| 245 |
_aធនធានមនុស្ស សម័យសាមកុក / _cរួបរួមនិងប្រែសំរួលដោយ ចាន់ សារ: |
||
| 250 | _aចេញផ្សាយឆ្នាំ ២០០៩ | ||
| 260 |
_aភ្នំពេញ : _c២០០៩ . |
||
| 300 |
_a66 pages : _billustrations ; _c21 cm . |
||
| 520 | _aសៀវភៅ «ធនធានមនុស្ស សម័យសាមកុក» ដែលនិពន្ធដោយលោក ចាន់ សារះ គឺជាការសិក្សាដែលផ្តោតលើការអនុវត្តន៍នៃគ្រប់គ្រងធនធានមនុស្សក្នុងសម័យសាមកុក (Three Kingdoms) ប្រទេសចិន។ សៀវភៅនេះបានបង្ហាញពីយុទ្ធសាស្ត្រនិងវិធីសាស្ត្រដែលតួអង្គដូចជា Cao Cao, Liu Bei និង Sun Quan ប្រើប្រាស់ដើម្បីគ្រប់គ្រងនិងអភិវឌ្ឍធនធានមនុស្សរបស់ពួកគេ។ | ||
| 520 | _aThe book "Human Resources in the Era of the Three Kingdoms", written by Mr. Chan Sarath, is a study focused on the application of human resource management during the Three Kingdoms period in China. The book illustrates the strategies and methods used by key figures such as Cao Cao, Liu Bei, and Sun Quan to manage and develop their human resources. | ||
| 650 |
_aនគរទាំង៣ _vអក្សរសិល្ប៏ចិន |
||
| 650 |
_aThree kingdoms _vChinese literature |
||
| 942 |
_2ddc _cKHB _n0 |
||
| 999 |
_c6457 _d6457 |
||